=LDR 00000nam 2200000 4500 =001 NUTBA000000000002627 =005 20200608115252 =035 ##$$a 0010-061400000000570 =008 200608################g##########0#ind## =020 ##$$a 979-96210-5-4 =082 ##$$a 2x4 =090 ##$$a 2x4 Sal f =100 ##$$a Salim, Al allamah sayyid muhammad bin =245 1#$$a Fiqih Wanita Praktis /$c Al' alamah sayyid muhammad bin salim; Penerjemah, Ibn ibrahim; Penyunting, a. h ba'adillah =260 ##$$a Jakarta :$b Cendekia,$c 2001 =300 ##$$a 174 hlm ; $c 13 x 20,5 cm =084 ##$$a 2x4 AL f =250 ##$$a Cet. 1 =650 #4$$a Wanita dalam islam =504 ##$$a Judul asli : At tadzkiratu al hadhramiyyah : fi ma yajibu 'ala an nisa min umuri ad diniyyah. =990 ##$$a 164. 798/ Pro- 2001